[Event "17th Prague Open 2018"]
[Site "Prague"]
[Date "2018.01.15"]
[Round "5"]
[White "Michalczak, Thomas"]
[Black "Kaasen, Tor Fredrik"]
[Result "1-0"]
[WhiteElo "2208"]
[BlackElo "2340"]
[Annotator "TA"]
[PlyCount "107"]
[EventDate "2018.??.??"]
[EventType "swiss"]
[EventCountry "CZE"]
[SourceTitle "playchess.com"]
[Source "ChessBase"]
[SourceQuality "1"]

{[%evp 26,107,39,12,34,-29,54,60,26,31,35,30,36,59,63,0,85,80,82,108,68,30,23,27,11,15,8,8,25,22,16,34,19,25,41,47,97,61,61,13,37,45,46,45,100,38,131,15,85,62,158,158,263,271,295,304,289,282,515,517,499,499,494,471,584,579,560,532,641,681,825,816,1015,1016,29972,29976,29975,29974,29975,29975,6079,2552,29964,3449]} 1. e4 e5 2. Nf3 Nc6 3. Bb5 a6 4. Ba4 Nf6 5. O-O Be7 6. Re1 b5 7. Bb3 d6 8. c3 O-O 9. h3 Nb8 10. d4 Nbd7 11. c4 c6 12. Qc2 {C95: Closed Ruy Lopez: Breyer Variation with 10 d4} Bb7 13. Nc3 b4 14. Ne2 {[#] LiveBook: 4 Games. White is slightly better.} a5 $146 {[#]} ({Predecessor:} 14... c5 15. d5 Ne8 16. g4 g6 17. Ng3 Ng7 18. Kh1 Kh8 19. Rg1 Nf6 {½-½ (74) Vocaturo,D (2564)-Gustafsson,J (2647) Aix les Bains 2011}) 15. a4 ({White should play} 15. c5 $1 $14 {[%mdl 512]}) 15... Re8 {[#]} (15... exd4 $11 16. Nexd4 Nc5) 16. c5 $1 $14 {[%mdl 512]} exd4 (16... dxc5 17. dxe5) 17. cxd6 Bxd6 18. Nexd4 {And now Ng5 would win.} c5 19. Ng5 Ne5 20. Nf5 (20. Bf4 $1 $14 c4 21. Bxc4 Nxc4 22. Qxc4) 20... h6 (20... c4 $1 $11 21. Bf4 cxb3 22. Qxb3 Qd7 23. Nxd6 Qxd6 24. Nxf7 Qd3 25. Nh6+ Kh8 26. Nf7+ Kg8 27. Nh6+ Kh8 28. Nf7+ Kg8) 21. Rd1 $16 {Hoping for Nxf7.} Ra6 {[#]} 22. Nxf7 $1 {[%mdl 512]} Nxf7 23. e5 Rxe5 {[#] aiming for ...Bd5.} 24. Nxh6+ $1 {[%mdl 512]} gxh6 25. Qg6+ Kh8 26. Bxf7 Be4 (26... Ng8 $5 27. Bf4 $8 (27. Bxg8 $2 Re1+ 28. Rxe1 Bh2+ 29. Kxh2 Rxg6 $19) 27... Re1+ 28. Rxe1 Bxf4 $14) 27. Qxh6+ $40 {[%mdl 128] White has some attack.} Bh7 $1 28. Bg5 Rxg5 29. Qxg5 Qe7 $1 {[%cal Re7f7]} 30. Bc4 Ra8 31. Re1 Qg7 32. Qxg7+ Kxg7 33. Rad1 Rd8 34. Bb3 Bf5 (34... Kf8 $14) 35. g4 (35. Kf1 $16) 35... Bc8 (35... c4 $1 $14) 36. f4 ({Better is} 36. Kg2 $16) 36... Kf8 (36... Re8 $11) 37. f5 Bb7 {[#]} (37... Ba6 $14) 38. Re6 $1 {[%cal Re6f6]} Ne4 {[#]} (38... Ne8 $16 {was worth a try.}) 39. Rh6 $1 $18 {Bc2 is the strong threat.} ({Weaker is} 39. Bc2 c4 $16) 39... c4 40. Rh8+ Ke7 41. Rxd8 cxb3 $2 (41... Kxd8 {might work better.} 42. Bxc4 Bc6) 42. R8xd6 Nxd6 {[#]} 43. f6+ $1 {[%mdl 512]} Ke6 (43... Kxf6 44. Rxd6+) 44. g5 Be4 45. h4 Bg6 46. Re1+ Kd5 {Black hopes to continue with ...Nc4.} 47. Re7 Nf7 48. Ra7 Ke4 49. Rxa5 Ne5 {[#]} 50. Rxe5+ $1 {[%mdl 512]} Kxe5 51. a5 Kd5 52. Kf2 Kc5 53. Kf3 Kb5 54. Kg4 {Precision: White = 72%, Black = 19%.} 1-0

[Event "17th Prague Open 2018"]
[Site "Prague"]
[Date "2018.01.15"]
[Round "5"]
[White "Makoveev, Ilya"]
[Black "Liu, Yi"]
[Result "0-1"]
[WhiteElo "2196"]
[BlackElo "2337"]
[Annotator "TA"]
[PlyCount "80"]
[EventDate "2018.??.??"]
[EventType "swiss"]
[EventCountry "CZE"]
[SourceTitle "playchess.com"]
[Source "ChessBase"]
[SourceQuality "1"]

{[%evp 18,80,24,25,31,29,38,37,45,0,20,-25,-20,-20,-27,-18,-20,-18,-18,-58,-41,-69,-16,-111,-122,-95,-109,-112,-106,-99,-112,-169,-144,-162,-141,-186,-158,-145,-137,-312,-318,-315,-285,-264,-254,-1110,-968,-916,-923,-5226,-1006,-12840,-12840,-12841,-12841,-12841,-12839,-29992,-29992,-29993,-29994,-29994,-29995,-29995,-29996]} 1. e4 e6 2. d4 d5 3. Nc3 Nf6 4. e5 Nfd7 5. f4 c5 6. Nf3 Nc6 7. Be3 cxd4 8. Nxd4 Bc5 9. Qd2 O-O 10. O-O-O Bxd4 {C11: French: Classical System: 4 e5 and 4 Bg5 dxe4} 11. Bxd4 Qa5 12. Kb1 Rb8 {White is slightly better.} 13. g4 $146 ({Predecessor:} 13. Be3 b5 14. Ne2 b4 15. Nd4 Nxd4 16. Bxd4 Ba6 17. g4 Rfc8 18. f5 {1-0 (47) Dominguez Perez,L (2734)-Zvjaginsev,V (2678) St Petersburg 2012}) 13... b5 {[%cal Bb7b5,Bb5b4][%mdl 32]} 14. Bg2 Nxd4 15. Qxd4 b4 16. Ne2 Ba6 17. Nc1 Rfc8 $36 {[%mdl 2048] Black has good play.} 18. Rhe1 Qc7 (18... b3 $6 19. axb3 (19. Nxb3 Qc7 $11) 19... Qd8 20. f5 $16 (20. Qxa7 $2 Nc5 $19)) 19. Rd2 Bc4 (19... Bb5 $15) 20. Bf1 (20. f5 $11) 20... Bxf1 $17 21. Rxf1 Nc5 22. f5 Ne4 23. Re2 Rb6 {[%cal Bb8b6,Bb6c6,Bc6c4][%mdl 32]} 24. Nd3 {[#]} (24. Nb3 $17) 24... Rc6 $1 $19 {[%cal Rc6c2]} 25. Rc1 a5 {[%cal Ba7a5,Ba5a4][%mdl 32]} 26. f6 Rc4 27. Qe3 a4 ({Much less strong is} 27... gxf6 28. exf6 Qd8 29. Rf1 $15) 28. Ka1 $2 (28. h3 $17) 28... b3 ({Less strong is} 28... gxf6 29. exf6 Kh8 30. Qh6 $17) 29. a3 {If White can now play c3 this consolidates a bit.} Rxc2 ({Weaker is} 29... gxf6 30. exf6 Qd8 31. cxb3 $17) 30. Rexc2 bxc2 31. fxg7 $2 (31. h4) 31... Nc5 32. Nxc5 Qxc5 {[%mdl 4096] Endgame KQR-KQR} 33. Qd3 Qc4 (33... d4 $142 34. Qe2 Qc4) 34. Qd2 d4 {[%cal Bd5d4,Bd4d3,Bd3d2][%mdl 32]} 35. g5 Kxg7 36. h4 d3 {( -> ...Rb8)} 37. h5 Qb3 {Black mates.} 38. Qf4 Rb8 {[%csl Gb8][%cal Rb3b2]} 39. h6+ Kg8 {[%csl Gb8][%cal Rb3b2]} 40. Qd4 {[#]} d2 $1 {[%mdl 512] Precision: White = 31%, Black = 78%.} 0-1

[Event "17th Prague Open 2018"]
[Site "Prague"]
[Date "2018.01.15"]
[Round "5"]
[White "Utiatskaja, Irina"]
[Black "Moehn, Hans"]
[Result "1-0"]
[WhiteElo "2164"]
[BlackElo "2378"]
[Annotator "TA"]
[PlyCount "142"]
[EventDate "2018.??.??"]
[EventType "swiss"]
[EventCountry "CZE"]
[SourceTitle "playchess.com"]
[Source "ChessBase"]
[SourceQuality "1"]

{[%evp 21,142,22,22,-95,125,112,92,72,83,66,64,66,76,62,48,10,91,50,63,0,0,-78,-85,-120,-45,-42,-71,-41,59,82,94,97,92,94,94,94,94,94,103,102,119,113,185,179,179,167,226,225,270,272,226,211,225,221,288,283,379,331,503,472,472,470,1042,1044,1025,1005,1408,1321,2022,2131,1719,1922,2353,1681,1567,1414,1235,2714,2277,5179,2965,3005,1561,2819,4896,2493,5349,5309,4598,4186,29963,29965,29957,2322,29959,2856,2537,1422,2127,395,6629,4116,2477,1425,4123,999,29963,29965,29957,29961,29969,29966,29959,29960,29964,29964,29966,29964,29968,29974,29973,29975,2539]} 1. d4 Nf6 2. c4 g6 3. Nc3 Bg7 4. e4 d6 5. Nf3 O-O 6. Be2 e5 7. d5 Nbd7 8. Be3 Ng4 9. Bd2 {E93: King's Indian: Classical: Petrosian System with 7...Nbd7} f5 10. exf5 (10. Ng5 Ndf6 11. exf5 gxf5 12. h3 Nh6 13. Ne6 Bxe6 14. dxe6 f4 15. Qc2 Qe7 16. g4 fxg3 17. fxg3 Qxe6 {½-½ (27) Krasenkow,M (2628)-Smirin,I (2652) Stockholm 2013}) 10... gxf5 11. Ng5 Nc5 {LiveBook: 4 Games} 12. b4 (12. h3 $11 {keeps the balance.} Nf6 13. b4) 12... h6 $146 (12... e4 $1 $17 {[%cal Re4e3] keeps the pressure on. Hoping for ...e3!} 13. h4 (13. bxc5 e3 $15) 13... Nd3+ 14. Bxd3 exd3) ({Predecessor:} 12... e4 13. h4 Nd3+ 14. Bxd3 exd3 15. O-O h6 16. Nf3 Ne5 {0-1 (36) Brener,I (2423)-Mista,A (2537) Brno 2008}) 13. bxc5 {And now Ne6 would win.} hxg5 14. Bxg4 fxg4 15. Ne4 Rf4 16. Qe2 Bf5 17. Ng3 $1 (17. Bxf4 $6 exf4 18. Rd1 Qe7 $11) 17... Bg6 18. O-O Rd4 (18... dxc5 $11 19. Be3 Qf8) 19. Rfc1 Bd3 20. Qe1 (20. Qd1 $14) 20... dxc5 $11 ({Weaker is} 20... Rxc4 21. Rxc4 Bxc4 22. Qe4 $18) 21. Bc3 (21. Be3 $11 {remains equal.}) 21... Rxc4 $17 22. Qe3 Bg6 (22... Qxd5 $17 {Threatens to win with ...Bf6.} 23. Nh5 Bh8 24. Qxg5+ Kf7) 23. Bxe5 $15 Rxc1+ 24. Rxc1 Qe7 (24... b6 $1 $15) 25. Bxg7 $14 Qxe3 26. fxe3 Kxg7 27. Rxc5 {[%mdl 4096] Endgame KRB-KRN} Rc8 {[#]} 28. d6 $1 {[%mdl 512]} c6 (28... cxd6 29. Rxc8) 29. Rxg5 Rd8 30. Rxg4 {Black must now prevent e4.} Kf7 31. Ne4 b6 (31... a5 $16 {was necessary.}) 32. Rf4+ $18 Kg7 33. h4 a5 (33... c5 {was worth a try.} 34. Kf2 (34. Rg4 Kh6 $16) 34... a5) 34. g4 ({Don't play} 34. Rg4 $6 Kh6 $16) 34... Bxe4 35. Rxe4 Rxd6 {KR-KR} 36. Re7+ Kf6 37. Rh7 Kg6 38. Rc7 b5 39. Kf2 b4 (39... Rd2+ $142 40. Kf3 Rc2 41. h5+ Kg5 42. Rg7+ Kh6 43. Rg6+ Kh7) 40. h5+ Kg5 {[#]} 41. Kg3 $1 Re6 (41... a4 $142 42. Rg7+ Kh6) 42. Rg7+ Kh6 43. Ra7 Rxe3+ {[#]} 44. Kh4 $1 {[%csl Gh4][%cal Rg4g5]} Re5 45. Rc7 Re4 46. Rxc6+ Kg7 47. Ra6 Re5 48. h6+ Kh7 49. g5 {Intending Kh5 and mate.} Re1 50. Rxa5 Rh1+ 51. Kg4 Rg1+ 52. Kf4 (52. Kf5 $142 Rf1+ 53. Kg4 Rg1+ 54. Kf5 Rf1+ 55. Kg4 Rg1+) 52... Rf1+ 53. Ke4 Kg6 54. Ra8 Re1+ 55. Kd4 Rb1 56. Rg8+ Kh7 57. Rg7+ Kh8 58. Re7 (58. g6 $142 Rg1 59. Kc5 Rg5+ 60. Kxb4 Rb5+ 61. Kc3 Rc5+ 62. Kb4 Rc4+ 63. Kb5 Rc5+ 64. Kb6 Rc6+ 65. Kb7 Rb6+ 66. Kc8 Rc6+ 67. Rc7 Rxg6 68. Ra7) 58... Rg1 59. Re5 Kh7 60. Kc4 $2 (60. Kc5 Rg4 61. Re7+ Kh8 62. Rg7) 60... Rb1 $2 (60... Rg4+ 61. Kb3 Kh8 62. Re8+ Kh7 63. Re7+ Kh8) 61. Rb5 Kg6 62. Rxb4 Ra1 63. Rb2 Rg1 64. Rb5 {White mates.} Rg4+ 65. Kb3 Rg3+ 66. Ka4 Rg2 67. a3 {[%cal Ba2a3,Ba3a4][%mdl 32]} Rg3 68. Kb4 Rg4+ 69. Ka5 Rg3 70. a4 Rg4 71. Rc5 Rg3 {Precision: White = 63%, Black = 35%.} 1-0

[Event "17th Prague Open 2018"]
[Site "Prague"]
[Date "2018.01.15"]
[Round "5"]
[White "Stoynov, Yordan"]
[Black "Sergienko, Sergey"]
[Result "1/2-1/2"]
[WhiteElo "2163"]
[BlackElo "2329"]
[Annotator "TA"]
[PlyCount "86"]
[EventDate "2018.??.??"]
[EventType "swiss"]
[EventCountry "CZE"]
[SourceTitle "playchess.com"]
[Source "ChessBase"]
[SourceQuality "1"]

{[%evp 12,86,68,30,52,47,93,59,81,81,125,127,118,83,73,79,66,68,73,54,60,59,69,66,78,85,93,68,43,-89,-87,-87,-81,-120,-32,-93,-89,-86,0,0,0,0,0,0,0,-14,0,-90,-5,-11,-11,-7,0,0,0,-29,0,0,0,0,-4,-59,-56,-54,0,0,0,0,0,3,8,-8,-8,-8,-8,-10,-8]} 1. e4 g6 2. d4 Bg7 3. Nc3 c6 4. h3 d6 5. a4 Nf6 6. Be3 a5 {B07: Pirc Defence: Miscellaneous Systems} (6... Qa5 7. Qd2 b5 8. b4 Qxb4 9. axb5 c5 10. Nf3 O-O 11. Bd3 cxd4 12. Bxd4 e5 13. Ra4 Qxa4 14. Nxa4 exd4 {1-0 (33) Socko,B (2593)-Artemiev,V (2691) Riadh 2017}) 7. g4 {[%cal Bg2g4,Bg4g5][%mdl 32] LiveBook: 7 Games} h5 {[%cal Rh5g4]} 8. g5 $1 {[%cal Rg5f6]} Nh7 {White is slightly better.} 9. Bg2 $146 ({Predecessor:} 9. f4 O-O 10. Nf3 Na6 11. f5 gxf5 12. Nh4 e5 13. dxe5 f4 14. Bxf4 dxe5 15. Qxd8 Rxd8 {½-½ (37) Ninov,N (2562)-Todorcevic,M (2450) Belgrade 2009}) 9... Nd7 10. Nge2 e5 11. Qd2 O-O 12. O-O-O b5 13. axb5 cxb5 14. Nxb5 {Strongly threatening f4.} Ba6 15. Nec3 $1 {dxe5 is the strong threat.} Bxb5 16. Nxb5 {Threatens to win with f4.} Rb8 17. Bf1 Rxb5 18. Bxb5 {aiming for dxe5.} exd4 19. Bxd4 Bxd4 20. Qxd4 (20. Bxd7 $14 {stays ahead.} Bxb2+ 21. Kxb2 Qxd7 22. h4 (22. Qxa5 Qb7+ 23. Kc1 Qxe4 $16)) 20... Qxg5+ $17 21. f4 Qxb5 22. Qxd6 Nb6 (22... Nc5 $1 $17 {[%cal Rc5e4]} 23. Rhg1 Rc8) 23. f5 (23. Qd4 $15) 23... Nc4 {[%csl Gc4][%cal Rb5b2]} 24. Qd4 {[#]} Rb8 ({Black should play} 24... g5 $1 $17) 25. b3 Ne5 26. fxg6 Nxg6 27. Rhg1 Nhf8 28. Qd5 Qb4 29. Qd6 {[#]} (29. Rdf1 $11 {remains equal.} Qe7 30. Rf5) 29... Qb7 (29... a4 $1 $17 30. Qxb4 Rxb4) 30. Rd4 $11 Re8 31. Ra4 Qb5 32. Qd2 Re5 33. Rc4 Qe8 34. Qc3 Rxe4 35. Rc5 $1 Re3 36. Qxa5 (36. Qc4 $1 $11 Re1+ 37. Rxe1 Qxe1+ 38. Kb2) 36... Rxh3 {Hoping for ...Qe3+.} 37. Re5 Qc8 ({Black should try} 37... Qc6 $1 $15 38. Rxh5 Rc3) 38. Rxh5 {The position is equal.} Rxh5 39. Qxh5 Qc3 40. Kb1 Ne6 41. Rxg6+ fxg6 42. Qxg6+ Ng7 43. Ka2 Kf8 {Precision: White = 48%, Black = 40%.} 1/2-1/2

[Event "17th Prague Open 2018"]
[Site "Prague"]
[Date "2018.01.16"]
[Round "6"]
[White "Jurcik, Marian"]
[Black "Stefansson, Hannes"]
[Result "1/2-1/2"]
[WhiteElo "2460"]
[BlackElo "2523"]
[Annotator "TA"]
[PlyCount "31"]
[EventDate "2018.??.??"]
[EventType "swiss"]
[EventCountry "CZE"]
[SourceTitle "playchess.com"]
[Source "ChessBase"]
[SourceQuality "1"]

{[%evp 14,21,14,8,17,13,19,2,17,14]} 1. e4 c5 2. Nf3 e6 3. d4 cxd4 4. Nxd4 Nc6 5. Nb5 d6 6. c4 Nf6 7. N1c3 a6 8. Nd4 {LiveBook: 117 Games. The position is equal.} d5 {B44: Sicilian: Taimanov: 5 Nb5} (8... Be7 9. Be2 O-O 10. O-O Qb6 11. Nb3 Qc7 12. Be3 b6 13. Rc1 Ne5 14. Nd2 Bb7 15. f4 Ned7 16. Bd3 Rac8 17. a3 Qb8 18. Qe2 {0-1 (53) Ehlvest,J (2532)-Kovalenko,I (2684) Puhajarve 2016}) 9. exd5 exd5 10. cxd5 Nxd5 11. Nxc6 {Predecessor:} bxc6 $146 12. Be2 Bb4 13. O-O O-O 14. Ne4 Bf5 15. Ng3 Bg6 16. Qa4 {1-0 (55) Djurhuus,R (2437)-Bern,I (2308) Norway 2015} 1/2-1/2

[Event "17th Prague Open 2018"]
[Site "Prague"]
[Date "2018.01.16"]
[Round "6"]
[White "Solozhenkin, Evgeniy"]
[Black "Pacher, Milan"]
[Result "0-1"]
[WhiteElo "2451"]
[BlackElo "2444"]
[Annotator "TA"]
[PlyCount "80"]
[EventDate "2018.??.??"]
[EventType "swiss"]
[EventCountry "CZE"]
[SourceTitle "playchess.com"]
[Source "ChessBase"]
[SourceQuality "1"]

{[%evp 20,80,33,17,25,15,39,28,32,16,47,0,0,0,64,8,25,25,47,-8,-22,0,0,0,0,0,14,-18,-23,-25,0,0,0,0,0,0,0,0,0,-45,0,-9,0,-50,-22,-12,-9,-72,-55,-260,-252,-275,-278,-352,-354,-540,-494,-668,-660,-1001,-1000,-1124,-1190]} 1. e4 e5 2. Nf3 Nc6 3. Bc4 Bc5 4. O-O Nf6 5. d3 d6 6. c3 a6 7. a4 O-O 8. h3 {C54: Giuoco Piano: 4 c3 Nf6, main lines with 5 d4 and 5 d3} Ba7 9. Re1 (9. Nbd2 Ne7 10. Re1 c6 11. Bb3 Ng6 12. Bc2 Re8 13. d4 Nh5 14. Nf1 Nhf4 15. Ng3 exd4 16. cxd4 d5 17. e5 c5 18. Bxg6 Nxg6 {1-0 (51) Anand,V (2782)-Leko,P (2691) Riadh 2017}) 9... Be6 10. Bxe6 fxe6 11. Be3 {LiveBook: 3 Games} Bxe3 12. Rxe3 Qe8 13. Nbd2 {[#]} Nh5 $146 14. d4 Nf4 15. Kh2 exd4 16. cxd4 e5 ({Better is} 16... Qh5 $11) 17. d5 (17. Qb3+ $14 Kh8 18. dxe5) 17... Nd4 $11 18. g3 Ng6 19. Nb3 (19. Kg2 $14) 19... Rf6 20. Kg1 c5 21. dxc6 $1 Nxc6 22. Nh2 Qe6 23. Qg4 Qf7 {[#] Hoping for ...Rf8.} 24. Qe2 Rf8 {[%cal Rf6f2]} 25. Ng4 Re6 $1 26. Rf1 h5 27. Nh2 Rf6 28. h4 Nge7 $36 {[%cal Bg6e7,Be7c8,Bc8d6,Bd6c4,Bc4e3][%mdl 2080] Black fights for an advantage.} 29. Qd2 Qc4 30. Qe2 Qf7 31. Qd2 d5 {With the idea ...d4.} 32. Nc5 $1 d4 33. Ra3 {[#]} (33. Ree1 $11) 33... Nc8 $1 $17 34. f3 $2 ({White should play} 34. Kg2 $15) 34... Nd6 $19 35. Qe2 Nc4 36. Raa1 Ne3 37. Rfc1 (37. Nd3 $142) 37... Nb4 {Black is clearly winning.} 38. Kh1 b6 39. Nd3 Nxd3 40. Qxd3 Rxf3 {Precision: White = 39%, Black = 59%.} 0-1

[Event "17th Prague Open 2018"]
[Site "Prague"]
[Date "2018.01.16"]
[Round "6"]
[White "Low, Zhen Yu Cyrus"]
[Black "Lee, Jun Hyeok"]
[Result "1-0"]
[WhiteElo "2437"]
[BlackElo "2305"]
[Annotator "TA"]
[PlyCount "140"]
[EventDate "2018.??.??"]
[EventType "swiss"]
[EventCountry "CZE"]
[SourceTitle "playchess.com"]
[Source "ChessBase"]
[SourceQuality "1"]

{[%evp 24,140,21,27,29,29,18,0,8,18,53,39,52,44,56,49,118,100,110,109,97,100,115,107,108,104,112,110,110,117,110,113,93,101,88,109,96,85,89,87,108,92,160,159,189,174,220,195,185,183,194,189,413,415,427,420,429,429,429,423,414,400,443,441,444,432,444,443,434,425,431,433,437,424,687,703,680,697,667,640,699,658,666,631,616,564,767,724,760,767,1568,1524,1028,803,1475,1502,12847,12847,12812,29962,12460,1532,29962,5852,29959,12072,29958,29966,12839,11120,29974,29978,29976,29977,29976,29977,29984,29985,29984]} 1. e4 e5 2. Nf3 Nc6 3. Bc4 Nf6 {[%cal Bg8f6,Bf6d5,Bd5f4,Bf4d3][%mdl 32]} 4. Ng5 d5 5. exd5 Na5 6. Bb5+ c6 7. dxc6 bxc6 8. Bd3 Nd5 {C58: Two Knights: 4 Ng5 d5 5 exd5 Na5 sidelines} 9. Nf3 Bd6 10. O-O Nf4 11. Re1 Nxd3 12. cxd3 O-O 13. Nc3 {LiveBook: 28 Games} Re8 14. Ne4 {[#]} Bc7 $146 ({Find the theoretical novelty and annotate with similar games:} 14... c5 15. b3 Bf8 16. Ba3 {0-1 (70) Popov,I (2644)-Ragger,M (2680) Tromsoe 2013}) 15. b4 Nb7 16. Bb2 Qxd3 17. Rc1 Bd7 18. Nfg5 Qd5 19. Qc2 f5 ({Better is} 19... Bf5 $1 $14) 20. Nc3 $36 {[%mdl 2048] White is on the roll.} Qc4 21. d3 Qxb4 {[#]} 22. Nd5 $1 {[%cal Rd5b4][%mdl 512]} cxd5 23. Qxc7 Rad8 24. Bxe5 {Black must now prevent Bc3.} Qb6 25. Nf3 Re7 26. Qxb6 axb6 27. Bc7 Rxe1+ 28. Rxe1 {Strongly threatening Re7.} Rc8 29. Bxb6 Bb5 30. Ne5 Nd6 31. h4 Ra8 32. Rb1 {Bc5 is the strong threat.} Ba6 ({Black should play} 32... Be8) 33. Rb3 Nf7 {[#]} 34. Nc6 $1 Kf8 35. Bc5+ Ke8 36. Ne7 Ne5 37. d4 Bc4 $2 (37... Nd3 {was called for.}) 38. dxe5 $18 Bxb3 39. axb3 d4 40. Nxf5 d3 41. Be3 Ra1+ 42. Kh2 Kf7 43. Nd6+ Ke6 44. Nc4 Rb1 45. Nd2 Rd1 46. Bf4 Kf5 47. Kg3 Rh1 48. b4 Rc1 (48... Ra1 $142 49. Nc4 Ke6) 49. Kf3 Rc2 50. g4+ Ke6 51. Ke4 Rb2 52. Kxd3 Rxb4 53. Ke3 Kd5 54. f3 Ra4 55. Ne4 {Hoping for Nc3+.} Ra3+ 56. Kf2 h6 57. h5 Ke6 58. Kg3 Ra1 59. Nd6 Rg1+ 60. Kf2 Ra1 61. Nf5 Ra7 62. Kg3 Rd7 63. Bc1 (63. Be3 $142 Rf7 64. Bc5 Kd5 {[#]} 65. e6 $1 {[%mdl 512]} Kxe6 66. Bd4 Rd7 67. Bxg7 Kf7 68. Bxh6) 63... Ra7 64. Bb2 Rb7 65. Ba3 Rf7 66. Bb4 Kxe5 67. Bc3+ {White mates.} Ke6 68. Bxg7 Rb7 69. Bxh6 Kf6 70. Bg7+ Ke6 {Precision: White = 90%, Black = 37%.} 1-0

[Event "17th Prague Open 2018"]
[Site "Prague"]
[Date "2018.01.16"]
[Round "6"]
[White "Kalegin, Evgenij"]
[Black "Tuma, Jiri"]
[Result "1-0"]
[WhiteElo "2426"]
[BlackElo "2272"]
[Annotator "TA"]
[PlyCount "93"]
[EventDate "2018.??.??"]
[EventType "swiss"]
[EventCountry "CZE"]
[SourceTitle "playchess.com"]
[Source "ChessBase"]
[SourceQuality "1"]

{[%evp 17,93,5,12,12,20,5,24,-26,-21,-37,-28,-34,-31,-68,-62,-81,-36,-61,-61,-61,-61,-64,-68,-71,-75,-85,-45,-84,-71,-85,-92,-88,-76,-70,-86,-72,33,-23,29,47,59,46,44,6,60,54,62,0,137,130,116,112,178,0,0,0,329,313,316,110,657,632,925,923,1048,1036,1048,1048,1108,1107,2316,2349,2221,1316,2128,1637,29987,29988]} 1. e4 c5 2. Nf3 e6 3. g3 Nc6 4. Bg2 Nf6 5. Qe2 d6 {[%cal Bd7d6,Bd6d5][%mdl 32]} 6. O-O Be7 7. c3 O-O {C00: French: Unusual White 2nd moves} 8. d4 d5 9. e5 Nd7 {LiveBook: 9 Games. The position is equal.} 10. Rd1 b6 {[%cal Bb7b6,Bb6b5,Bb5b4][%mdl 32]} 11. Bf4 a5 12. h4 Ba6 13. Qe3 b5 {[#]} 14. Nbd2 $146 ({Predecessor:} 14. h5 h6 15. Nbd2 {½-½ (50) Andriasian,Z (2594)-Petrosyan,M (2466) Yerevan 2016}) 14... b4 15. Bf1 Bxf1 16. Nxf1 c4 17. Bg5 a4 18. a3 bxc3 19. bxc3 Rb8 20. Rdb1 Rb3 21. N1d2 Na5 22. Ne1 h6 {[#] ...Rxb1 is the strong threat.} 23. Bxe7 Qxe7 24. Nc2 Rc8 25. Nb4 Qd8 26. f4 {[%cal Bf2f4,Bf4f5][%mdl 32]} Kh8 (26... Nc6 $17) 27. Rf1 ({Better is} 27. f5 $14) 27... Qg8 (27... f5 $142) 28. f5 $11 Nc6 29. Nxb3 cxb3 30. Qd3 {Black should prevent Qb5.} Ne7 (30... Nxb4 $1 $11 31. cxb4 (31. axb4 Nb6 $14) 31... Nb6) 31. fxe6 $14 fxe6 32. Qb5 (32. Rf3 $14) 32... Qe8 (32... Qd8 $11 {remains equal.}) 33. Rf3 $16 (33. Qxa4 $2 Rxc3 34. Kh2 Nf5 $19) 33... Kh7 {Hoping for ...Nxe5!} 34. Kg2 Nf5 (34... Nb8 $16 {was called for.} 35. Qd3+ Qg6 36. Qxg6+ Nxg6) 35. Qxa4 $2 (35. Raf1 $18) 35... b2 $11 36. Rh1 {aiming for Qc2.} Nxh4+ $2 {[%mdl 8192]} (36... Qg6 $1 $11 {and Black stays safe.} 37. h5 (37. Qxd7 b1=Q $11) 37... Qg5 38. Qxd7 Rxc3 39. Qxe6 (39. Rxc3 $2 {perishes.} Qd2+ 40. Kh3 Qxc3 $19) 39... Qd2+ 40. Kh3 Nh4 41. Qxd5 (41. Rxc3 Qg2+ 42. Kxh4 Qxh1+ 43. Qh3 Qe4+ 44. Qg4 b1=Q $17) 41... Qg2+ 42. Kg4 Rxf3 43. Qe4+ Kh8 44. Qa8+ Kh7 45. Qe4+ Kh8 46. Qa8+ Kh7 47. Qe4+) 37. gxh4 $18 Qg6+ {[#]} 38. Kh2 $2 (38. Kf2 $1 $18 {and the rest is easy.} b1=Q 39. Rxb1 Qxb1 40. Qxd7 Qb2+ 41. Kf1 Rxc3 42. Rxc3 Qxc3 43. Qb5 Qf3+ 44. Ke1 Qe3+ 45. Kd1 Qb3+ 46. Ke2 Qb2+ 47. Kf3) 38... Nxe5 $2 {[%mdl 8192]} (38... b1=R $16 39. Rxb1 Qxb1) 39. dxe5 Rc4 40. Qc2 Rxh4+ 41. Rh3 Re4 42. Rg1 Qf5 43. Nd3 g5 44. Qxb2 g4 45. Qg2 Qg5 46. Qf2 h5 47. Qf7+ {Precision: White = 33%, Black = 50%.} 1-0

[Event "17th Prague Open 2018"]
[Site "Prague"]
[Date "2018.01.16"]
[Round "6"]
[White "Lalic, Bogdan"]
[Black "Nitish Belurkar"]
[Result "1/2-1/2"]
[WhiteElo "2415"]
[BlackElo "2270"]
[Annotator "TA"]
[PlyCount "43"]
[EventDate "2018.??.??"]
[EventType "swiss"]
[EventCountry "CZE"]
[SourceTitle "playchess.com"]
[Source "ChessBase"]
[SourceQuality "1"]

{[%evp 30,43,49,41,53,52,44,38,48,38,29,23,92,20,71,47]} 1. d4 d5 2. c4 e6 3. Nc3 Nf6 4. cxd5 exd5 5. Bg5 c6 6. e3 Be7 7. Bd3 Nbd7 {[%cal Bb8d7,Bd7f8,Bf8g6][%mdl 32]} 8. h3 O-O 9. Qc2 Re8 10. Nf3 Nf8 11. Bf4 Ng6 12. Bh2 Bd6 13. Bxd6 Qxd6 14. O-O-O b5 15. Kb1 {D36: Queen's Gambit Declined: Exchange Variation: Main line (5 Bg5 c6 6 Qc2)} (15. g4 Rb8 16. Kb1 Bd7 17. Rc1 Re7 18. g5 b4 19. Na4 Ne4 20. Bxe4 Rxe4 21. Nc5 b3 22. Nxb3 Bf5 {1-0 (64) Van Wely,L (2685)-Melkumyan,H (2633) Sydney 2014}) 15... a5 16. g4 {[%cal Bg2g4,Bg4g5][%mdl 32] LiveBook: 7 Games} Ba6 17. g5 {White is slightly better.} b4 18. Bxa6 Rxa6 {[#]} 19. gxf6 $146 {Black must now prevent Na4.} ({Find the theoretical novelty and annotate with similar games:} 19. Na4 Ne4 20. h4 f6 21. h5 Nf8 22. Rdg1 Nd7 {1-0 (49) Lalic,B (2533)-Rudd,J (2345) Liverpool 2008}) 19... bxc3 20. fxg7 Qf6 {[#]} 21. Ne1 (21. Nh2 $1 $16) 21... cxb2 $11 22. Nd3 ({Don't play} 22. Qxb2 $6 Raa8 $11) 1/2-1/2